=LDR 00000nam 2200000 4500 =001 INLIS000000000012987 =005 20130612104441 =008 ***********************************Ind** =035 ##$$0010-061300000012987 =041 ##$$a Ind =082 ##$$a 2x9.8 =090 ##$$a 2x9.8, Rah k =100 ##$$a Rahimsyah AR.MB =245 ##$$a Kisah Abu Nawas, MB.Rahimsyah. AR =260 ##$$a 2003 $b Jakarta =300 ##$$a 128 hlm, ilus, 21 cm =650 ##$$a Biografi Abu Nawas =850 ##$$a NBPNMAT